| 000 | 00824cam a22002531 4500 | ||
|---|---|---|---|
| 001 | gs 63000267 | ||
| 003 | DLC | ||
| 005 | 20260227111413.0 | ||
| 008 | 760622s1963 xx 000 0 eng | ||
| 010 | _ags 63000267 | ||
| 035 | _a(OCoLC)2272899 | ||
| 040 |
_aDLC _cMeU-P _dDLC |
||
| 042 | _apremarc | ||
| 050 | 0 | 0 |
_aQE171 _b.A3 no. 20 |
| 100 | 1 | _aGoodwin, Bruce K. | |
| 245 | 1 | 0 | _aGeology of the Island Pond area, Vermont. |
| 260 |
_aMontpelier, _bVermont Development Dept., _c1963. |
||
| 300 |
_a111 p. _billus., maps (3 fold., 1 col. in pocket) _c23 cm. |
||
| 490 | 1 |
_aVermont. Geological Survey. Bulletin _vno. 20 |
|
| 504 | _aBibliography: p. 108-111. | ||
| 650 | 0 |
_aGeology _zVermont _zIsland Pond quadrangle. |
|
| 740 | 0 | _aIsland Pond area, Vermont. | |
| 810 | 1 |
_aVermont. _bState Geologist. _tBulletin ; _vno. 20. |
|
| 999 |
_c29735 _d29735 |
||